Demográfiai évkönyv 1981 Magyarország népesedése

Gespeichert in:
Bibliographische Detailangaben
Format: Buch
Sprache:Ungarisch
Veröffentlicht: Budapest Központi statisztikai hivatal 1982
Tags: Tag hinzufügen
Keine Tags, Fügen Sie das erste Tag hinzu!

MARC

LEADER 00000nam a2200000 4500
001 c131203
005 20041019155251.7
041 0 |a hun 
044 |a HU 
245 1 0 |a Demográfiai évkönyv 1981  |b Magyarország népesedése 
264 1 |a Budapest  |b Központi statisztikai hivatal  |c 1982 
300 |a 153 s.